|
|
|
|
| LEADER |
00000nab a2200000 ar4500 |
| 001 |
vtls008633002 |
| 003 |
SK-MaSNL |
| 005 |
20260303191808.0 |
| 008 |
060321c2005 xo mr|p|||||||000 b|slo |
| 015 |
|
|
|a SNBRB2006/03
|2 snkbucl
|
| 038 |
|
|
|a SNKBUCL
|
| 040 |
|
|
|a SNKBUCL
|b slo
|c SNKBUCL
|e AACR2
|
| 041 |
0 |
|
|a slo
|
| 044 |
|
|
|a xo
|c SK
|
| 080 |
|
|
|a 616.8-009.831
|x (048)
|2 1997
|
| 100 |
1 |
|
|a Takáč, Martin,
|d 1973-
|4 aut
|9 211541
|
| 245 |
1 |
0 |
|a Hovor s ním
|c Martin Takáč
|
| 650 |
0 |
7 |
|a kóma
|2 SNKPH
|9 23689
|
| 655 |
|
7 |
|a recenzie
|2 SNKPH
|9 21907
|
| 773 |
0 |
|
|t Knihy a spoločnosť
|g Roč. 2, č. 9 (2005), s. 10
|x 1336-5584
|
| 787 |
0 |
8 |
|i Rec.:
|a Mindell, Amy
|t Kóma : liečivá cesta
|d Bratislava : Spoločnosť 7Plus, 2004
|
| 852 |
|
|
|a SNK
|b KIS3GCP
|
| 958 |
|
|
|a RC
|
| 958 |
|
|
|a ME
|
| 999 |
|
|
|c 2142887
|d 2144817
|